Discursos leídos ante la Real Academia de Ciencias Exactas, Físicas y Naturales (Record no. 173335)

MARC details
000 -LEADER
campo de control de longitud fija 02983nas a2200397 i 4500
001 - NÚMERO DE CONTROL
campo de control 173335
003 - IDENTIFICADOR DE NÚMERO DE CONTROL
campo de control ES-MaACL
005 - FECHA Y HORA DE LA ÚLTIMA TRANSACCIÓN
campo de control 20251207124550.0
007 - CAMPO FIJO DE DESCRIPCIÓN FÍSICA--INFORMACIÓN GENERAL
campo de control de longitud fija t|
008 - DATOS DE LONGITUD FIJA--INFORMACIÓN GENERAL
campo de control de longitud fija 091126c19201923sp a| | 1 ||pa d
080 ## - NÚMERO DE LA CLASIFICACIÓN DECIMAL UNIVERSAL
Número de la Clasificación Decimal Universal 5:061.12(460)
110 2# - ENTRADA PRINCIPAL--NOMBRE DE ENTIDAD CORPORATIVA
Nombre de entidad corporativa o nombre de jurisdicción como elemento de entrada Real Academia de Ciencias Exactas, Físicas y Naturales de España.
9 (RLIN) 175635
245 10 - MENCIÓN DEL TÍTULO
Título Discursos leídos ante la Real Academia de Ciencias Exactas, Físicas y Naturales
Fechas predominantes 1920-1923.
260 ## - PUBLICACIÓN, DISTRIBUCIÓN, ETC.
Lugar de publicación, distribución, etc. Madrid :
Nombre del editor, distribuidor, etc. [s. n.],
Fecha de publicación, distribución, etc. 1920 (
Fabricante Estab. Tip. de Fortanet)
300 ## - DESCRIPCIÓN FÍSICA
Extensión 1 v. ;
Dimensiones 26 cm.
505 8# - NOTA DE CONTENIDO CON FORMATO
Nota de contenido con formato Contiene: Tomo XI: Fotogrametría terrestre y aérea / José María Torroja y Miret (69 p.). Contestación / Amós Salvador (p. 70-87). Magnitudes estelares / Antonio Vela Herranz (65 p.). Contestación / Luis Octavio de Toledo (p. 67-83). El problema del ultracontinuo / Julio Rey Pastor (34 p.). Contestación / Augusto Krahe (p. 35-48). Importancia y utilidad de los estudios entomológicos / Ricardo García Mercet (47 p.). Contestación / Ignacio Bolívar (p. 49-70). Rasgos fundamentales de la constitución e historia geológica del solar ibérico / Eduardo Hernández y Estevan (76 p.). Contestación / Joaquín María Castellarnau (p. 77-94). Discurso leído en la solemne sesión celebrada bajo la presidencia de S. M. el rey D. Alfonso XIII para hacer entrega de la medalla Echegaray a D. Santiago Ramón y Cajal / Ignacio Bolívar, Santiago Ramón y Cajal, Amós Salvador (XLIX, 110 p.+ 2 h. de lám.). ¿Pueden explicarse químicamente los fenómenos esenciales de la vida? / Joaquín María Castellarnau (46 p.). Discursos en la sesión celebrada para hacer entrega del diploma de Académico Correspondiente al profesor Alberto Einstein / Blas Cabrera, A. Einstein, José Rodríguez Carracido, Joaquín Salvatella (38 p.). Historia del microscopio / Domingo de Orueta (139 p.). Contestación / Daniel de Cortázar (p. 141-156).
700 1# - ENTRADA AGREGADA--NOMBRE PERSONAL
Nombre de persona Rodríguez Carracido, José,
Fechas asociadas al nombre 1856-1928
9 (RLIN) 98407
700 1# - ENTRADA AGREGADA--NOMBRE PERSONAL
Nombre de persona Castellarnau, Joaquín María de,
Fechas asociadas al nombre 1848-1943
9 (RLIN) 143533
700 1# - ENTRADA AGREGADA--NOMBRE PERSONAL
Nombre de persona Octavio de Toledo y Zulueta, Luis,
Fechas asociadas al nombre 1857-1934
9 (RLIN) 86510
700 1# - ENTRADA AGREGADA--NOMBRE PERSONAL
Nombre de persona Salvador y Rodrigáñez, Amós,
Fechas asociadas al nombre 1845-1922
9 (RLIN) 102102
700 1# - ENTRADA AGREGADA--NOMBRE PERSONAL
Nombre de persona Torroja y Miret, José María,
Fechas asociadas al nombre 1884-1954
9 (RLIN) 151755
700 1# - ENTRADA AGREGADA--NOMBRE PERSONAL
Nombre de persona Vela y Herranz, Antonio.
9 (RLIN) 113696
700 1# - ENTRADA AGREGADA--NOMBRE PERSONAL
Nombre de persona Rey Pastor, Julio,
Fechas asociadas al nombre 1888-1962
9 (RLIN) 96535
700 1# - ENTRADA AGREGADA--NOMBRE PERSONAL
Nombre de persona Krahe, Augusto.
9 (RLIN) 141626
700 1# - ENTRADA AGREGADA--NOMBRE PERSONAL
Nombre de persona García Mercet, Ricardo.
9 (RLIN) 54947
700 1# - ENTRADA AGREGADA--NOMBRE PERSONAL
Nombre de persona Bolívar, Ignacio,
Fechas asociadas al nombre 1850-1944
9 (RLIN) 29963
700 1# - ENTRADA AGREGADA--NOMBRE PERSONAL
Nombre de persona Hernández y Estevan, Eduardo.
9 (RLIN) 141627
700 1# - ENTRADA AGREGADA--NOMBRE PERSONAL
Nombre de persona Ramón y Cajal, Santiago,
Fechas asociadas al nombre 1852-1934
9 (RLIN) 226468
700 1# - ENTRADA AGREGADA--NOMBRE PERSONAL
Nombre de persona Cabrera, Blas,
Fechas asociadas al nombre 1878-1945
9 (RLIN) 33279
700 1# - ENTRADA AGREGADA--NOMBRE PERSONAL
Nombre de persona Einstein, Albert,
Fechas asociadas al nombre 1879-1955
9 (RLIN) 46838
700 1# - ENTRADA AGREGADA--NOMBRE PERSONAL
Nombre de persona Salvatella, Joaquín.
9 (RLIN) 141628
700 1# - ENTRADA AGREGADA--NOMBRE PERSONAL
Nombre de persona Orueta y Duarte, Domingo de,
Fechas asociadas al nombre 1862-1926
9 (RLIN) 87696
700 1# - ENTRADA AGREGADA--NOMBRE PERSONAL
Nombre de persona Cortázar y Larrubia, Daniel de.
9 (RLIN) 40829
852 ## - LOCALIZACIÓN
Ubicación ES-MaACL
Número de control de estantería K-213
Nota libre -Dedicatoria autógrafa de Joaquín María Castellarnau
Holdings
Estatus retirado Estado de pérdida Estado de daño No para préstamo Colección Biblioteca de origen Biblioteca actual Ubicación en estantería Fecha de adquisición Total de préstamos Signatura topográfica completa Código de barras Visto por última vez Precio de reemplazo Tipo de ítem Koha
        Periódicos y Revistas Biblioteca del Ateneo de Madrid Biblioteca del Ateneo de Madrid Administración 26/11/2009   K-213 1181909 23/02/2023 23/02/2023 Revista